[Event "Sautron op 16th"]
[Site "Sautron"]
[Date "2016.10.25"]
[Round "2.45"]
[White "Boulart, Emilie"]
[Black "Daniel, Jean Claude"]
[Result "1-0"]
[WhiteElo "1467"]
[BlackElo "1736"]
[PlyCount "81"]
[EventDate "2016.10.22"]
[EventType "swiss"]
[EventRounds "9"]
[EventCountry "FRA"]
[SourceTitle "EXT 2019"]
[Source "ChessBase"]
[SourceDate "2018.10.10"]
[SourceVersion "1"]
[SourceVersionDate "2018.10.10"]
[SourceQuality "1"]

1. e4 c5 2. c3 d5 3. exd5 Qxd5 4. d4 Nf6 5. Nf3 Nc6 6. Be2 e6 7. 0-0 cxd4 8. Nxd4 Nxd4 9. cxd4 Be7 10. Nc3 Qd8 11. Bb5+ Bd7 12. Qf3 Bxb5 13. Nxb5 Qb6 14. Nc3 0-0 15. d5 exd5 16. Nxd5 Nxd5 17. Qxd5 Rad8 18. Qf3 Bf6 19. a3 Rfe8 20. Be3 Qa6 21. Rab1 b6 22. Rfc1 Rc8 23. Rc6 Rxc6 24. Qxc6 Rc8 25. Qd7 Rd8 26. Qc7 Qd3 27. Re1 h6 28. Qxa7 Bxb2 29. Bxb6 Rd7 30. Qa8+ Kh7 31. a4 Bc3 32. Rf1 Qe2 33. Qf3 Qxf3 34. gxf3 Rd5 35. Rb1 Ba5 36. Be3 f5 37. Rb5 Rxb5 38. axb5 g5 39. b6 f4 40. b7 Bc7 41. Ba7 1-0

[Event "Sautron op 14th"]
[Site "Sautron"]
[Date "2014.10.26"]
[Round "4"]
[White "Munkhbayar, Janjaadorj"]
[Black "Daniel, Jean Claude"]
[Result "0-1"]
[WhiteElo "1981"]
[BlackElo "1731"]
[PlyCount "92"]
[EventDate "2014.10.26"]
[EventType "swiss"]
[EventRounds "9"]
[EventCountry "FRA"]
[SourceTitle "EXT 2016"]
[Source "ChessBase"]
[SourceDate "2015.10.08"]
[SourceVersion "1"]
[SourceVersionDate "2015.10.08"]
[SourceQuality "1"]

1. d4 d5 2. c4 c6 3. Nc3 Nf6 4. Bf4 e6 5. Nf3 Nbd7 6. e3 Be7 7. Be2 0-0 8. 0-0 Re8 9. c5 Nf8 10. b4 Ng6 11. a4 Nxf4 12. exf4 Ne4 13. Qc2 f5 14. b5 Bf6 15. Rab1 Qc7 16. g3 Bd7 17. Na2 g5 18. fxg5 Nxg5 19. Nxg5 Bxg5 20. f4 Bf6 21. Qc3 Re7 22. Nb4 Bc8 23. Nd3 Rg7 24. Kh1 Kh8 25. b6 axb6 26. cxb6 Qe7 27. Nc5 Rg8 28. a5 Qg7 29. Rfd1 Be7 30. Na4 Bd6 31. Rf1 Qe7 32. Rb3 Qg7 33. a6 Qe7 34. Rfb1 Rf8 35. Qe3 Rf7 36. Nc3 Rg7 37. Nd1 c5 38. dxc5 Bxc5 39. Qe5 Bd6 40. Qd4 Bc5 41. Qc3 d4 42. Qc2 e5 43. Rb5 Bd6 44. fxe5 Bxe5 45. Bf3 Bxg3 46. axb7 Qe1+ 0-1

[Event "Sautron op 13th"]
[Site "Sautron"]
[Date "2013.10.??"]
[Round "4"]
[White "Daniel, Jean Claude"]
[Black "Burri, Quentin"]
[Result "0-1"]
[WhiteElo "1778"]
[BlackElo "2043"]
[PlyCount "80"]
[EventDate "2013.10.26"]
[EventType "swiss"]
[EventRounds "9"]
[EventCountry "FRA"]
[SourceTitle "EXT 2016"]
[Source "ChessBase"]
[SourceDate "2015.10.08"]
[SourceVersion "1"]
[SourceVersionDate "2015.10.08"]
[SourceQuality "1"]

1. d4 d5 2. e3 Nf6 3. Bd3 e6 4. f4 c5 5. c3 Nc6 6. Nf3 c4 7. Bc2 b5 8. 0-0 Qc7 9. Ne5 Bd6 10. Nd2 a5 11. e4 Be7 12. Qf3 Bb7 13. g4 dxe4 14. Nxe4 Nxe4 15. Bxe4 Nxe5 16. fxe5 Bxe4 17. Qxe4 0-0 18. Be3 b4 19. Rf3 Rab8 20. Raf1 bxc3 21. bxc3 Rb2 22. R3f2 Rxf2 23. Rxf2 Rb8 24. Kg2 Qd7 25. g5 a4 26. Qf3 Bd8 27. h4 Ba5 28. Bc1 g6 29. Ba3 Bd8 30. Kh3 Rb1 31. Bc5 Kg7 32. Kg3 Ba5 33. Qf6+ Kg8 34. Qf3 Rb7 35. Kh3 Qd5 36. Qxd5 exd5 37. e6 fxe6 38. Rf8+ Kg7 39. Ra8 Bxc3 40. Rxa4 Bb2 0-1

[Event "Nantes op 11th"]
[Site "Nantes"]
[Date "2012.12.27"]
[Round "1"]
[White "Le Roux, Jean Pierre"]
[Black "Daniel, Jean Claude"]
[Result "1-0"]
[WhiteElo "2569"]
[BlackElo "1842"]
[PlyCount "57"]
[EventDate "2012.12.27"]
[EventType "swiss"]
[EventRounds "7"]
[EventCountry "FRA"]
[SourceTitle "EXT 2014"]
[Source "ChessBase"]
[SourceDate "2013.11.20"]
[SourceVersion "1"]
[SourceVersionDate "2013.11.20"]
[SourceQuality "1"]

1. d4 d5 2. Nf3 Nf6 3. c4 c6 4. Nc3 e6 5. g3 Bb4 6. Bg2 Ne4 7. Qc2 0-0 8. 0-0 f5 9. Ne5 Nd7 10. Nd3 Bd6 11. b3 Ndf6 12. f3 Nxc3 13. Qxc3 Bd7 14. a4 a5 15. Ba3 Bxa3 16. Rxa3 Qe7 17. Ra2 Be8 18. Rd1 Bf7 19. Rad2 Rfc8 20. Re1 Nd7 21. e4 fxe4 22. fxe4 dxc4 23. bxc4 e5 24. d5 cxd5 25. exd5 Qd6 26. Rf1 Bxd5 27. Nf2 Nb6 28. Bxd5+ Nxd5 29. Qd3 1-0

[Event "Gorges op 22th"]
[Site "Gorges"]
[Date "2012.07.13"]
[Round "7"]
[White "Le Pen, Steven"]
[Black "Daniel, Jean Claude"]
[Result "1-0"]
[WhiteElo "1847"]
[BlackElo "1888"]
[PlyCount "91"]
[EventDate "2012.07.08"]
[EventType "swiss"]
[EventRounds "7"]
[EventCountry "FRA"]
[SourceTitle "CBM 149 Extra"]
[Source "ChessBase"]
[SourceDate "2012.08.24"]
[SourceVersion "1"]
[SourceVersionDate "2012.08.24"]
[SourceQuality "1"]

1. e4 c5 2. Nf3 Nc6 3. d4 cxd4 4. Nxd4 e5 5. Nb5 d6 6. N1c3 a6 7. Na3 Be7 8. Nd5 Nf6 9. Bd3 0-0 10. c3 Be6 11. Nc4 Bxd5 12. exd5 Na5 13. Ne3 b5 14. Nf5 Re8 15. Nxe7+ Qxe7 16. Be2 Qc7 17. a4 Reb8 18. 0-0 b4 19. cxb4 Rxb4 20. Be3 Nb3 21. Ra3 Nd4 22. Rc3 Nxe2+ 23. Qxe2 Qb7 24. Rfc1 Nxd5 25. Rc6 h6 26. Rxd6 Nxe3 27. Qxe3 Rxb2 28. Qxe5 Rb1 29. Qe1 Rxc1 30. Qxc1 Qe4 31. a5 Rb8 32. Rb6 Re8 33. h3 Qe1+ 34. Qxe1 Rxe1+ 35. Kh2 Re6 36. Rxe6 fxe6 37. Kg3 Kf7 38. Kf4 Ke7 39. Ke5 Kd7 40. f4 Ke7 41. h4 Kd7 42. h5 Ke7 43. g3 Kd7 44. g4 Ke7 45. g5 hxg5 46. fxg5 1-0

[Event "Gorges op 22th"]
[Site "Gorges"]
[Date "2012.07.12"]
[Round "6"]
[White "Daniel, Jean Claude"]
[Black "Delorme, Sonia"]
[Result "1-0"]
[WhiteElo "1888"]
[BlackElo "1575"]
[PlyCount "61"]
[EventDate "2012.07.08"]
[EventType "swiss"]
[EventRounds "7"]
[EventCountry "FRA"]
[SourceTitle "CBM 149 Extra"]
[Source "ChessBase"]
[SourceDate "2012.08.24"]
[SourceVersion "1"]
[SourceVersionDate "2012.08.24"]
[SourceQuality "1"]

1. d4 Nf6 2. e3 g6 3. Bd3 Bg7 4. Nf3 d6 5. 0-0 0-0 6. Nbd2 Nbd7 7. Qe2 c5 8. c3 cxd4 9. exd4 Nb6 10. Ne4 Bd7 11. Nxf6+ Bxf6 12. Bh6 Re8 13. Qd2 Bc6 14. Ng5 Qd7 15. Ne4 Bg7 16. Bxg7 Kxg7 17. Rae1 Rad8 18. f4 e6 19. Re3 Re7 20. Rh3 f5 21. Rxh7+ Kf8 22. Rh8+ Kg7 23. Rxd8 Qxd8 24. Ng5 Re8 25. Re1 Qf6 26. Re3 e5 27. Rh3 Rh8 28. fxe5 dxe5 29. Rxh8 Kxh8 30. dxe5 Qxe5 31. Nf7+ 1-0

[Event "Gorges op 22th"]
[Site "Gorges"]
[Date "2012.07.09"]
[Round "3"]
[White "Colin, Vincent"]
[Black "Daniel, Jean Claude"]
[Result "1-0"]
[WhiteElo "2391"]
[BlackElo "1888"]
[PlyCount "21"]
[EventDate "2012.07.08"]
[EventType "swiss"]
[EventRounds "7"]
[EventCountry "FRA"]
[SourceTitle "CBM 149 Extra"]
[Source "ChessBase"]
[SourceDate "2012.08.24"]
[SourceVersion "1"]
[SourceVersionDate "2012.08.24"]
[SourceQuality "1"]

1. d4 f5 2. Bg5 g6 3. Nc3 Bg7 4. h4 Nf6 5. h5 0-0 6. hxg6 hxg6 7. e4 d6 8. e5 Nh7 9. Bc4+ Kh8 10. Qd3 f4 11. Qxg6 1-0

[Event "Gorges op 22th"]
[Site "Gorges"]
[Date "2012.07.09"]
[Round "2"]
[White "Daniel, Jean Claude"]
[Black "Templier, Benoit"]
[Result "1-0"]
[WhiteElo "1888"]
[BlackElo "1687"]
[PlyCount "93"]
[EventDate "2012.07.08"]
[EventType "swiss"]
[EventRounds "7"]
[EventCountry "FRA"]
[SourceTitle "CBM 149 Extra"]
[Source "ChessBase"]
[SourceDate "2012.08.24"]
[SourceVersion "1"]
[SourceVersionDate "2012.08.24"]
[SourceQuality "1"]

1. d4 e6 2. e3 d5 3. Bd3 Bd6 4. f4 Nf6 5. Nf3 0-0 6. 0-0 Ne4 7. Bxe4 dxe4 8. Ng5 f5 9. Qh5 h6 10. Nh3 Bd7 11. Nf2 Qf6 12. Nc3 Be7 13. Bd2 Na6 14. a3 c5 15. d5 Nc7 16. dxe6 Bxe6 17. g4 Qh4 18. Qxh4 Bxh4 19. gxf5 Bxf2+ 20. Rxf2 Bxf5 21. Rg2 Rad8 22. Na4 Ne6 23. b4 c4 24. Bc3 Rf7 25. Nb2 b5 26. a4 a6 27. axb5 axb5 28. Nd1 Nc7 29. Bd4 g6 30. Nc3 Nd5 31. Nxd5 Rxd5 32. Ra8+ Rf8 33. Ra7 Rf7 34. Ra5 Rfd7 35. c3 Kf7 36. Ra6 R5d6 37. Rga2 Rxa6 38. Rxa6 Rb7 39. Kg2 Bg4 40. Rf6+ Ke7 41. Rxg6 Bf3+ 42. Kg3 Rb8 43. f5 h5 44. Rg7+ Kd6 45. Kf4 Kc6 46. f6 Kd5 47. f7 1-0

[Event "Cholet-B"]
[Site "Cholet"]
[Date "2012.02.21"]
[Round "5"]
[White "Daniel, Jean Claude"]
[Black "Fretel, Didier"]
[Result "1-0"]
[WhiteElo "1881"]
[BlackElo "1800"]
[PlyCount "65"]
[EventDate "2012.02.18"]
[EventType "tourn"]
[EventRounds "9"]
[EventCountry "FRA"]
[SourceTitle "EXT 2013"]
[Source "ChessBase"]
[SourceDate "2012.11.22"]
[SourceVersion "1"]
[SourceVersionDate "2012.11.22"]
[SourceQuality "1"]

1. d4 d5 2. e3 e6 3. f4 Nf6 4. Bd3 c5 5. c3 Bd6 6. Nf3 0-0 7. 0-0 Nc6 8. Ne5 cxd4 9. exd4 Ne4 10. Nd2 f5 11. Ndf3 Nxe5 12. fxe5 Be7 13. Qe2 Bd7 14. Be3 Be8 15. Nd2 Bg6 16. Nxe4 fxe4 17. Rxf8+ Bxf8 18. Bc2 a6 19. Rf1 Be7 20. c4 Bg5 21. cxd5 Bxe3+ 22. Qxe3 exd5 23. Bb3 Rc8 24. Qh3 Rc6 25. e6 Rd6 26. Rc1 Kf8 27. Rc8 Qxc8 28. e7+ Kxe7 29. Qxc8 e3 30. Qc7+ Ke6 31. Qxg7 Rc6 32. Qe5+ Kd7 33. Qxe3 1-0

[Event "Avoine op 26th"]
[Site "Avoine"]
[Date "2011.07.30"]
[Round "8"]
[White "Hutois, Mickael"]
[Black "Daniel, Jean Claude"]
[Result "1-0"]
[WhiteElo "2184"]
[BlackElo "1913"]
[PlyCount "53"]
[EventDate "2011.07.23"]
[EventType "swiss"]
[EventRounds "9"]
[EventCountry "FRA"]
[SourceTitle "EXT 2012"]
[Source "ChessBase"]
[SourceDate "2011.11.24"]
[SourceVersion "1"]
[SourceVersionDate "2011.11.24"]
[SourceQuality "1"]

1. e4 c5 2. Nf3 e6 3. d4 cxd4 4. Nxd4 Nf6 5. Nc3 Nc6 6. Ndb5 d6 7. Bf4 e5 8. Bg5 a6 9. Na3 b5 10. Bxf6 gxf6 11. Nd5 Bd7 12. c3 Rb8 13. Nc2 Be6 14. Nce3 Bg7 15. Qf3 0-0 16. Bd3 Kh8 17. 0-0 Rg8 18. Kh1 b4 19. Bxa6 bxc3 20. bxc3 Bxd5 21. Nxd5 f5 22. Qxf5 Ne7 23. Nxe7 Qxe7 24. a4 Bf6 25. Rab1 Rbf8 26. Rb7 Qd8 27. Rd7 1-0

[Event "Avoine op 26th"]
[Site "Avoine"]
[Date "2011.07.29"]
[Round "7"]
[White "Daniel, Jean Claude"]
[Black "Sobry, Sebastien"]
[Result "1/2-1/2"]
[WhiteElo "1913"]
[BlackElo "2068"]
[PlyCount "67"]
[EventDate "2011.07.23"]
[EventType "swiss"]
[EventRounds "9"]
[EventCountry "FRA"]
[SourceTitle "EXT 2012"]
[Source "ChessBase"]
[SourceDate "2011.11.24"]
[SourceVersion "1"]
[SourceVersionDate "2011.11.24"]
[SourceQuality "1"]

1. d4 Nf6 2. Nf3 g6 3. Bg5 Bg7 4. Nbd2 0-0 5. e3 d6 6. Be2 Nbd7 7. 0-0 e5 8. Ne4 h6 9. Nxf6+ Nxf6 10. Bh4 Qe8 11. Nd2 Bf5 12. Bxf6 Bxf6 13. e4 Bd7 14. d5 Bg7 15. c4 f5 16. Qc2 f4 17. c5 Bb5 18. Bc4 Bxc4 19. Qxc4 g5 20. f3 Qg6 21. Rac1 h5 22. cxd6 cxd6 23. Qb4 Rf7 24. Rc3 g4 25. Rfc1 Raf8 26. Kh1 Bh6 27. Rc7 Kh8 28. Qb5 Rg8 29. Qf1 Bf8 30. Rxf7 Qxf7 31. b3 h4 32. fxg4 Rxg4 33. Qf3 Qd7 34. Qh3 1/2-1/2

[Event "Avoine op 25th"]
[Site "Avoine"]
[Date "2010.07.20"]
[Round "4"]
[White "Bouget, Alexandre"]
[Black "Daniel, Jean Claude"]
[Result "1-0"]
[WhiteElo "2140"]
[BlackElo "1894"]
[PlyCount "67"]
[EventDate "2010.07.17"]
[EventType "swiss"]
[EventRounds "9"]
[EventCountry "FRA"]
[SourceTitle "EXT 2011"]
[Source "ChessBase"]
[SourceDate "2010.11.26"]
[SourceVersion "1"]
[SourceVersionDate "2010.11.26"]
[SourceQuality "1"]

1. d4 d5 2. c4 c6 3. Nc3 Nf6 4. Nf3 e6 5. e3 Nbd7 6. Bd3 dxc4 7. Bxc4 b5 8. Be2 Bb7 9. 0-0 Be7 10. e4 b4 11. e5 bxc3 12. exf6 Nxf6 13. bxc3 0-0 14. Rb1 Qc7 15. Bf4 Qxf4 16. Rxb7 Bd6 17. g3 Qh6 18. Qd2 Qxd2 19. Nxd2 Nd5 20. Ne4 Rfd8 21. c4 Nf6 22. Nxf6+ gxf6 23. Bh5 Rf8 24. Rd7 Bb4 25. Rb1 a5 26. Rb3 Kg7 27. a3 Bd2 28. Rbb7 f5 29. Bxf7 Kf6 30. Bh5 Rad8 31. f4 Be3+ 32. Kg2 Rxd7 33. Rxd7 e5 34. dxe5+ 1-0

[Event "Guingamp op 14th"]
[Site "Guingamp"]
[Date "2010.02.25"]
[Round "7"]
[White "Daniel, Jean Claude"]
[Black "Barbot, Pascal"]
[Result "0-1"]
[WhiteElo "1854"]
[BlackElo "2097"]
[PlyCount "55"]
[EventDate "2010.02.19"]
[EventType "swiss"]
[EventRounds "9"]
[EventCountry "FRA"]
[SourceTitle "CBM 135 Extra"]
[Source "ChessBase"]
[SourceDate "2010.05.04"]
[SourceVersion "1"]
[SourceVersionDate "2010.05.04"]
[SourceQuality "1"]

1. d4 Nf6 2. Nf3 g6 3. Bg5 Bg7 4. e3 0-0 5. Be2 d5 6. 0-0 c5 7. c3 Nc6 8. Nbd2 b6 9. h3 Bb7 10. a4 Re8 11. Bf4 Nd7 12. e4 dxe4 13. Nxe4 Nxd4 14. cxd4 Bxe4 15. Ng5 Bd5 16. dxc5 Nxc5 17. Qc2 Bb3 18. Qb1 Qd4 19. Be3 Qb4 20. Bb5 Red8 21. Rc1 a6 22. Bc6 Rac8 23. Bf3 Nxa4 24. Rxc8 Rxc8 25. Bb7 Rd8 26. Qe4 Qxe4 27. Nxe4 Bxb2 28. Re1 0-1

[Event "Rohde op 09th"]
[Site "Sautron"]
[Date "2009.10.27"]
[Round "5"]
[White "Shankland, Samuel L"]
[Black "Daniel, Jean Claude"]
[Result "1-0"]
[WhiteElo "2474"]
[BlackElo "1856"]
[PlyCount "75"]
[EventDate "2009.10.24"]
[EventType "swiss"]
[EventRounds "9"]
[EventCountry "FRA"]
[SourceTitle "EXT 2010"]
[Source "ChessBase"]
[SourceDate "2010.11.25"]
[SourceVersion "1"]
[SourceVersionDate "2010.11.25"]
[SourceQuality "1"]

1. d4 d5 2. c4 c6 3. Nf3 Nf6 4. e3 e6 5. Nc3 Nbd7 6. Qc2 a6 7. b3 Bd6 8. Bd3 0-0 9. Bb2 h6 10. 0-0 Qe7 11. Rfe1 Ba3 12. Rad1 Bxb2 13. Qxb2 b5 14. a3 Rb8 15. c5 e5 16. Nxe5 Nxe5 17. dxe5 Qxe5 18. Qc2 Qc7 19. e4 Ng4 20. g3 Ne5 21. Be2 dxe4 22. Nxe4 Be6 23. Nd6 Nd7 24. b4 a5 25. Bf3 a4 26. Qe4 Bd5 27. Qf5 Bxf3 28. Qxf3 Nf6 29. Nf5 Nd5 30. Qg4 g6 31. Nxh6+ Kh7 32. Nf5 gxf5 33. Qxf5+ Kg7 34. Qg5+ Kh8 35. Rd4 f5 36. Rh4+ Qh7 37. Rxh7+ Kxh7 38. Re6 1-0

[Event "Rohde op 09th"]
[Site "Sautron"]
[Date "2009.10.26"]
[Round "3"]
[White "Koziak, Vitali"]
[Black "Daniel, Jean Claude"]
[Result "1-0"]
[WhiteElo "2475"]
[BlackElo "1856"]
[PlyCount "79"]
[EventDate "2009.10.24"]
[EventType "swiss"]
[EventRounds "9"]
[EventCountry "FRA"]
[SourceTitle "EXT 2010"]
[Source "ChessBase"]
[SourceDate "2010.11.25"]
[SourceVersion "1"]
[SourceVersionDate "2010.11.25"]
[SourceQuality "1"]

1. d4 d5 2. c4 c6 3. Nc3 Nf6 4. e3 e6 5. Nf3 Nbd7 6. Qc2 Bb4 7. Be2 Ne4 8. 0-0 Bxc3 9. bxc3 0-0 10. a4 f5 11. Ba3 Rf7 12. cxd5 exd5 13. c4 g5 14. cxd5 cxd5 15. Rfc1 g4 16. Ne1 Ndf6 17. Nd3 Nh5 18. g3 Ng5 19. Ne5 Rg7 20. a5 Nh3+ 21. Kf1 Be6 22. a6 f4 23. axb7 Rxb7 24. exf4 N5xf4 25. Bxg4 Bxg4 26. Nxg4 Qg5 27. Qf5 Qxf5 28. Nh6+ Kh8 29. Nxf5 Nd3 30. Nd6 Rb3 31. Rc2 Ng5 32. Nf5 Rab8 33. Bd6 Rb1+ 34. Rxb1 Rxb1+ 35. Ke2 Nc1+ 36. Ke3 h5 37. Rc8+ Kh7 38. Rc7+ Kg6 39. Nh4+ Kf6 40. Be7+ 1-0

[Event "Angers op 3rd"]
[Site "Angers"]
[Date "2008.04.26"]
[Round "4"]
[White "Salvaing, Jean Louis"]
[Black "Daniel, Jean Claude"]
[Result "1/2-1/2"]
[WhiteElo "2073"]
[BlackElo "1853"]
[PlyCount "71"]
[EventDate "2008.04.25"]
[EventType "swiss"]
[EventRounds "6"]
[EventCountry "FRA"]
[SourceTitle "CBM 123 Extra"]
[Source "ChessBase"]
[SourceDate "2008.05.06"]
[SourceVersion "1"]
[SourceVersionDate "2008.05.06"]
[SourceQuality "1"]

1. d4 d5 2. Nc3 Bf5 3. f3 e6 4. e4 Bg6 5. Bd3 c5 6. exd5 exd5 7. Nge2 c4 8. Bxg6 hxg6 9. Bf4 Bb4 10. 0-0 Ne7 11. Nb5 Na6 12. c3 Ba5 13. Nd6+ Kf8 14. Nxb7 Qb6 15. Nxa5 Qxa5 16. Re1 Nf5 17. b4 Qd8 18. g4 Nh4 19. Ng3 Qf6 20. Ne2 Nxf3+ 21. Kg2 Nxe1+ 22. Qxe1 Re8 23. Be5 Qg5 24. h3 f6 25. Qf2 Kg8 26. Bf4 Qh4 27. Qxh4 Rxh4 28. Ng1 Kf7 29. a4 Re4 30. Bg3 Rh8 31. b5 Nb8 32. a5 Nd7 33. Bc7 Ra8 34. Rf1 Re3 35. Rf3 Re1 36. Rf1 1/2-1/2

[Event "Angers op 3rd"]
[Site "Angers"]
[Date "2008.04.25"]
[Round "2"]
[White "Mahe, Romain"]
[Black "Daniel, Jean Claude"]
[Result "0-1"]
[WhiteElo "2024"]
[BlackElo "1853"]
[PlyCount "96"]
[EventDate "2008.04.25"]
[EventType "swiss"]
[EventRounds "6"]
[EventCountry "FRA"]
[SourceTitle "CBM 123 Extra"]
[Source "ChessBase"]
[SourceDate "2008.05.06"]
[SourceVersion "1"]
[SourceVersionDate "2008.05.06"]
[SourceQuality "1"]

1. e4 c5 2. Nf3 e6 3. d4 cxd4 4. Nxd4 a6 5. a3 Qc7 6. Nc3 Nc6 7. Be3 Nf6 8. Be2 Be7 9. 0-0 0-0 10. Qd2 d6 11. f4 Bd7 12. Rad1 Rac8 13. g4 Nxd4 14. Bxd4 Bc6 15. Bf3 e5 16. fxe5 dxe5 17. Be3 Rfd8 18. Qf2 Rxd1 19. Rxd1 Rd8 20. Rf1 Nd7 21. Nd5 Bxd5 22. exd5 Bc5 23. Bxc5 Nxc5 24. b4 Na4 25. Re1 f6 26. Re3 b5 27. Qd2 Rd6 28. Be2 Nb6 29. Rc3 Qd7 30. Bf3 Nc4 31. Qd3 g6 32. a4 f5 33. axb5 axb5 34. gxf5 gxf5 35. Be2 Rg6+ 36. Kf2 Qa7+ 37. Ke1 Rg1+ 38. Bf1 Qa1+ 39. Kf2 Rxf1+ 40. Qxf1 Qxc3 41. Qg2+ Kf7 42. Qg5 Qxc2+ 43. Kg3 Qd3+ 44. Kh4 Qe4+ 45. Kh3 Qg4+ 46. Qxg4 fxg4+ 47. Kxg4 Kf6 48. h4 Ne3+ 0-1

[Event "FRA-chT2 West 0708"]
[Site "France"]
[Date "2007.12.16"]
[Round "4.6"]
[White "Cadiou, Jacques"]
[Black "Daniel, Jean Claude"]
[Result "1-0"]
[WhiteElo "1974"]
[BlackElo "1903"]
[PlyCount "65"]
[EventDate "2007.10.21"]
[EventType "team"]
[EventRounds "11"]
[EventCountry "FRA"]
[SourceTitle "EXT 2009"]
[Source "ChessBase"]
[SourceDate "2008.11.26"]
[SourceVersion "1"]
[SourceVersionDate "2008.11.26"]
[SourceQuality "1"]
[WhiteTeam "Quimper"]
[BlackTeam "Sautron"]
[WhiteTeamCountry "FRA"]
[BlackTeamCountry "FRA"]

1. Nf3 d5 2. d4 Nf6 3. c4 e6 4. Nc3 c6 5. Bg5 Nbd7 6. e3 Qa5 7. cxd5 exd5 8. Nd2 Bb4 9. Qc2 0-0 10. Nb3 Bxc3+ 11. bxc3 Qa3 12. Bd3 h6 13. Bh4 Re8 14. 0-0 g5 15. Bg3 Ne4 16. Bxe4 dxe4 17. Nd2 Qe7 18. Nc4 Qe6 19. Nd6 Re7 20. f3 Nf6 21. fxe4 Nxe4 22. Nf5 Nxg3 23. Nxe7+ Qxe7 24. hxg3 Qxe3+ 25. Kh2 Qe7 26. Rae1 Be6 27. c4 Rd8 28. Qf2 a5 29. Re5 Qd6 30. Qf6 Bxc4 31. Re8+ Rxe8 32. Qxd6 Bxf1 33. Qxh6 1-0

[Event "Rohde op 07th"]
[Site "Sautron"]
[Date "2007.11.02"]
[Round "8"]
[White "Vidal, Hugo"]
[Black "Daniel, Jean Claude"]
[Result "1-0"]
[WhiteElo "1616"]
[BlackElo "1903"]
[PlyCount "103"]
[EventDate "2007.10.27"]
[EventType "swiss"]
[EventRounds "9"]
[EventCountry "FRA"]
[SourceTitle "EXT 2008"]
[Source "ChessBase"]
[SourceDate "2007.11.25"]
[SourceVersion "1"]
[SourceVersionDate "2007.11.25"]
[SourceQuality "1"]

1. e4 c5 2. Nf3 e6 3. d4 cxd4 4. Nxd4 a6 5. Nc3 Qc7 6. f3 Nf6 7. Be3 Bb4 8. Bd2 0-0 9. Bd3 b5 10. Qe2 Bb7 11. 0-0-0 d5 12. e5 Nfd7 13. f4 Nc5 14. Kb1 Nxd3 15. Qxd3 Bc5 16. Nf3 h6 17. h4 Qe7 18. g4 Nc6 19. h5 Nb4 20. Qe2 Rfc8 21. Rc1 Nc6 22. g5 Nd4 23. Nxd4 Bxd4 24. Rh3 b4 25. Nd1 Bb6 26. gxh6 gxh6 27. Ne3 Bxe3 28. Qxe3 Rc4 29. Rg1+ Kf8 30. Rhg3 Ke8 31. Rg8+ Kd7 32. Rxa8 Bxa8 33. Qa7+ Rc7 34. Qxa8 Qc5 35. Rc1 Qd4 36. Qf8 Qxd2 37. Qxf7+ Kd8 38. Qf8+ Kd7 39. Qf7+ Kc8 40. Qxe6+ Kb7 41. f5 a5 42. f6 a4 43. f7 b3 44. axb3 axb3 45. c3 Qd3+ 46. Ka1 Qf3 47. f8Q Qxf8 48. Qxd5+ Rc6 49. Qxb3+ Kc7 50. Qa4 Qb8 51. Qf4 Ra6+ 52. Kb1 1-0

[Event "Avoine op 22nd"]
[Site "Avoine"]
[Date "2007.07.22"]
[Round "2"]
[White "Debree, Alain"]
[Black "Daniel, Jean Claude"]
[Result "1/2-1/2"]
[WhiteElo "2100"]
[BlackElo "1964"]
[PlyCount "41"]
[EventDate "2007.07.21"]
[EventType "swiss"]
[EventRounds "9"]
[EventCountry "FRA"]
[SourceTitle "EXT 2010"]
[Source "ChessBase"]
[SourceDate "2010.11.25"]
[SourceVersion "1"]
[SourceVersionDate "2010.11.25"]
[SourceQuality "1"]

1. b3 Nf6 2. Bb2 d5 3. e3 Bf5 4. f4 e6 5. Nf3 h6 6. Be2 Be7 7. 0-0 0-0 8. Ne5 Bh7 9. d3 Nbd7 10. Nd2 Nxe5 11. fxe5 Nd7 12. Nf3 c5 13. Kh1 b5 14. Qd2 Qc7 15. Rad1 a5 16. c4 bxc4 17. dxc4 Nb6 18. cxd5 Nxd5 19. Bc4 Rfd8 20. Qf2 Nb4 21. Bc3 1/2-1/2

[Event "Gorges op 17th"]
[Site "Gorges"]
[Date "2007.??.??"]
[Round "4"]
[White "Daniel, Jean Claude"]
[Black "Delorme, Sonia"]
[Result "1-0"]
[WhiteElo "1964"]
[BlackElo "1570"]
[PlyCount "69"]
[EventDate "2007.07.08"]
[EventType "swiss"]
[EventRounds "7"]
[EventCountry "FRA"]
[SourceTitle "CBM 119 Extra"]
[Source "ChessBase"]
[SourceDate "2007.09.04"]
[SourceVersion "1"]
[SourceVersionDate "2007.09.04"]
[SourceQuality "1"]

1. d4 Nf6 2. Nf3 g6 3. Bg5 Bg7 4. Nbd2 d6 5. e3 0-0 6. Be2 Nbd7 7. 0-0 c5 8. c3 cxd4 9. exd4 Nb6 10. h3 Bd7 11. a4 a5 12. Re1 Rc8 13. Bd3 Re8 14. Re2 Rc7 15. Qb3 Nfd5 16. Nc4 h6 17. Bd2 Rc8 18. Nxb6 Qxb6 19. Qxd5 Bc6 20. Qa2 Qc7 21. Bxg6 Rf8 22. Bh5 e6 23. Rae1 Qd7 24. b3 b6 25. Nh2 Qd8 26. Bf3 Bd7 27. Qb1 Qh4 28. Qe4 Qd8 29. Qf4 d5 30. Ng4 h5 31. Nh6+ Kh7 32. Bxh5 Be8 33. Bf3 Qe7 34. Bxd5 Qd7 35. Bc4 1-0

[Event "Gorges op 17th"]
[Site "Gorges"]
[Date "2007.??.??"]
[Round "3"]
[White "Gallant, Jeremy"]
[Black "Daniel, Jean Claude"]
[Result "1/2-1/2"]
[WhiteElo "1680"]
[BlackElo "1964"]
[PlyCount "53"]
[EventDate "2007.07.08"]
[EventType "swiss"]
[EventRounds "7"]
[EventCountry "FRA"]
[SourceTitle "CBM 119 Extra"]
[Source "ChessBase"]
[SourceDate "2007.09.04"]
[SourceVersion "1"]
[SourceVersionDate "2007.09.04"]
[SourceQuality "1"]

1. e4 c5 2. Nf3 Nc6 3. d4 cxd4 4. Nxd4 e5 5. Nb5 d6 6. N1c3 a6 7. Na3 b5 8. Nd5 Nge7 9. Bg5 h6 10. Be3 Nxd5 11. Qxd5 Bb7 12. c4 Na5 13. Qd3 b4 14. Nc2 Rc8 15. b3 Nc6 16. Be2 Be7 17. 0-0 0-0 18. Bg4 Ra8 19. Bf5 Re8 20. Qd2 g6 21. Bh3 h5 22. f3 a5 23. Rad1 Qc7 24. Qf2 Ba6 25. Rd5 a4 26. Rfd1 axb3 27. axb3 1/2-1/2